Riadenie trhového rizika pomocou modelu Value at risk (VAR)
Riadenie trhového rizika je v súčasnosti riešené najmä používaním modelu Value et risk (VAR). Napriek výhodám s ľahkou interpretáciou a schopnosťou agregovať výšku aktuálneho trhového rizika do jedného čísla, je s používaním modelu spojených viacero nevýhod. Na čo sa dá VAR používať a kde je potrebn...
Enregistré dans:
| Auteur principal: | |
|---|---|
| Autres auteurs: | |
| Format: | Chapitre de livre |
| Langue: | slovaque |
| Sujets: | |
| Tags: |
Pas de tags, Soyez le premier à ajouter un tag!
|
MARC
| LEADER | 00000naa$a2200000$$$4500 | ||
|---|---|---|---|
| 001 | 0181150 | ||
| 005 | 20240502073114.2 | ||
| 041 | 0 | |a slo | |
| 044 | |a SK | ||
| 245 | 1 | 0 | |a Riadenie trhového rizika pomocou modelu Value at risk (VAR) |c Miloslav Hronec, Božena Hrvoľová |
| 520 | |a Riadenie trhového rizika je v súčasnosti riešené najmä používaním modelu Value et risk (VAR). Napriek výhodám s ľahkou interpretáciou a schopnosťou agregovať výšku aktuálneho trhového rizika do jedného čísla, je s používaním modelu spojených viacero nevýhod. Na čo sa dá VAR používať a kde je potrebné venovať viac pozornosti kontrole a interpretácii výsledkov. | ||
| 610 | 2 | 0 | |a riziko finančné |
| 610 | 2 | 0 | |a financie |
| 610 | 2 | 0 | |a trh |
| 610 | 2 | 0 | |a modely |
| 610 | 2 | 0 | |a rozhodovanie finančné |
| 100 | 1 | |a Hronec, Miloslav, 1980- | |
| 700 | 1 | |a Hrvoľová, Božena | |